Central Library OPAC University of Rajshahi

Seeing for yourself : (Record no. 60492)

MARC details
000 -LEADER
fixed length control field 00872nam a2200265 a 4500
001 - CONTROL NUMBER
control field 60492
003 - CONTROL NUMBER IDENTIFIER
rucl marc code BD-RjUL
005 - DATE AND TIME OF LATEST TRANSACTION
control field 20211209080841.0
008 - FIXED-LENGTH DATA ELEMENTS--GENERAL INFORMATION
fixed length control field 170101s1995 dcua b i001 0 eng
020 ## - INTERNATIONAL STANDARD BOOK NUMBER
International Standard Book Number 0821334530
035 ## - SYSTEM CONTROL NUMBER
System control number (BD-RjUL)60616
040 ## - CATALOGING SOURCE
Original cataloging agency DLC
Transcribing agency DLC
Modifying agency DLC
Language of cataloging eng
041 ## - LANGUAGE CODE
Language code of text/sound track or separate title eng
082 00 - DEWEY DECIMAL CLASSIFICATION NUMBER
Classification number 370.82096
Author mark and year KAS 1995
100 1# - MAIN ENTRY--PERSONAL NAME
Personal name Kane, Eileen.
9 (RLIN) 180060
245 10 - TITLE STATEMENT
Title Seeing for yourself :
Remainder of title research handbook for girls' education in Africa /
Statement of responsibility, etc. Eileen Kane.
260 ## - PUBLICATION, DISTRIBUTION, ETC. (IMPRINT)
Place of publication, distribution, etc. Washington, D.C. :
Name of publisher, distributor, etc. World Bank,
Date of publication, distribution, etc. c1995.
300 ## - PHYSICAL DESCRIPTION
Pagination xi, 331 p. :
Illustrations ill. ;
Size 28 cm.
504 ## - BIBLIOGRAPHY, ETC. NOTE
Bibliography, etc Includes bibliographical references (p. 317-321) and index.
650 #0 - SUBJECT ADDED ENTRY--TOPICAL TERM
Topical term or geographic name as entry element Women in Education
Geographic subdivision Africa
9 (RLIN) 180062
Topical term or geographic name as entry element Education
General subdivision Research
Geographic subdivision Africa
General subdivision Methodology.
9 (RLIN) 180063
942 ## - ADDED ENTRY ELEMENTS (KOHA)
Source of classification or shelving scheme Dewey Decimal Classification
Koha item type Books
Holdings
Lost status Source of classification or shelving scheme Damaged status Not for loan Collection code Permanent Location Current Location Shelving location Date acquired Source of acquisition Cost, normal purchase price Total Checkouts Full call number Date last seen Copy number Koha item type
  Dewey Decimal Classification   Not For Loan Non-fiction Central Library, University of Rajshahi Central Library, University of Rajshahi Reading Room 18/08/1996 MIDAS 520.00   370.82096 KAS 1995 01/01/2017 C-1 Books